Process fluid mechanics /

Guardado en:
Autor Principal: Denn, Morton M., 1939-
Formato: Libro
Idioma:English
Publicado: Englewood Cliffs, N.J. : Prentice-Hall, c1980.
Series:Prentice-Hall international series in the physical and chemical engineering sciences
Materias:
Etiquetas: Agregar Etiqueta
Sin Etiquetas, Sea el primero en etiquetar este registro!
LEADER 00779pam a22002175a 4500
001 EIQ.libpla004500
008 790613s1980####njua#####b####001#0#eng#d
005 20150220114337.0
245 1 0 |a Process fluid mechanics /  |c Morton M. Denn. 
260 |a Englewood Cliffs, N.J. :  |b Prentice-Hall,  |c c1980. 
300 |a xv, 383 p. :  |b il. ;  |c 24 cm. 
490 0 |a Prentice-Hall international series in the physical and chemical engineering sciences 
504 |a Incluye referencias bibliográficas e índices. 
020 |a 0137231636 
100 1 |a Denn, Morton M.,  |d 1939- 
082 0 0 |a 620.106 
650 4 |a Procesos  |x Mecánica de fluídos. 
650 4 |a Processes  |x Fluid mechanics. 
010 |a  79016319  
040 |a DLC  |c DLC  |d AR-BbSID 
859 |a AR-BbSID  |b BIB. PLAPIQUI  |h 620.106  |i D418  |p 3414